000 00247nam a22000977a 4500
008 231128b |||||||| |||| 00| 0 eng d
020 _a9781529068504
100 _aPerry D. Bruce
_97728
245 _aWhat Happened to You
260 _aUK
_bBluebird
_c2021
999 _c12469
_d12469